Fr. Conceicao Rodrigues College of Engineering

The Z 80 Microprocessors : Architecture (Record no. 26582)

MARC details
000 -LEADER
fixed length control field 00298nam a2200133Ia 4500
100 ## - MAIN ENTRY--PERSONAL NAME
Personal name Gaonkar/ R.S.
245 ## - TITLE STATEMENT
Title The Z 80 Microprocessors : Architecture
260 ## - PUBLICATION, DISTRIBUTION, ETC.
Name of publisher, distributor, etc. Wiley eastern
Place of publication, distribution, etc. New Delhi
Date of publication, distribution, etc. 1995
300 ## - PHYSICAL DESCRIPTION
Extent 700
546 ## - LANGUAGE NOTE
Language note ENGLISH
654 ## - SUBJECT ADDED ENTRY--FACETED TOPICAL TERMS
Focus term Computer
942 ## - ADDED ENTRY ELEMENTS (KOHA)
Koha item type BOOK
Holdings
Withdrawn status Lost status Damaged status Not for loan Collection Home library Current library Date acquired Cost, normal purchase price Total Checkouts Full call number Barcode Date last seen Cost, replacement price Price effective from Koha item type Shelving location Source of acquisition
        CRC Fr. Agnel's C.Rodrigues College of Engineering Fr. Agnel's C.Rodrigues College of Engineering 17/03/2023 500.00   7202 17/03/2023 500.00 17/03/2023 BOOK    
        CRC Fr. Agnel's C.Rodrigues College of Engineering Fr. Agnel's C.Rodrigues College of Engineering 17/03/2023 500.00   4.16 PAN 7404 17/03/2023 500.00 17/03/2023 Reference Book   global books